000 00474nam a2200181 a 4500
001 5036
003 CO-ViMGA
008 141112s2004 ck r 000 u spa d
040 _aCO-ViMGA
_bspa
_cCO-ViMGA
082 0 4 _a880.545 P471
100 1 _aPisanty, Valentina
_93259
245 1 0 _aCómo se lee un cuento popular
260 _aBarcelona :
_bPaidos,
_c1995
300 _a213 p
490 _aInstrumentos paidos, 14
650 1 4 _aCUENTOS - LECTURA
_93260
942 _2ddc
_cBK
999 _c17037
_d17037